| 000 | 004200000a22001570004500 | ||
|---|---|---|---|
| 008 | 230817t1999 ||||| |||| 00| 0 eng d | ||
| 022 | _a13910582 | ||
| 245 | _aLogos-Vol. 38, no. 3 | ||
| 246 | _aPerspectives: Human rights in Religions | ||
| 260 |
_aColombo _bCentre for society & Religion, _c1999 |
||
| 300 | _b80 p. | ||
| 490 | _aVol.38 No.3 | ||
| 650 | _aHuman Rights | ||
| 650 | _aIslam and Human Rights | ||
| 942 | _cCR | ||
| 999 |
_c54 _d54 |
||